|
|
|
|
| LEADER |
00691cam a2200193 7i4500 |
| 001 |
0000008517 |
| 005 |
20170218090000.0 |
| 020 |
|
|
|a 9780071138161
|
| 020 |
|
|
|a 0071138161 (pbk.)
|
| 090 |
0 |
0 |
|a TP155.75
|b .M37 1995
|
| 100 |
1 |
|
|a Marlin, Thomas E
|
| 245 |
1 |
0 |
|a Process control :
|b designing processes and control systems for dynamic performance
|c Thomas E. Marlin.
|
| 260 |
|
|
|a New York:
|b McGraw-Hill, Inc.,
|c 1995.
|
| 300 |
|
|
|a xxii, 954 p.;
|c 23 cm.
|
| 490 |
0 |
|
|a McGraw-Hill chemical engineering series
|
| 500 |
|
|
|a Includes index
|
| 650 |
0 |
0 |
|a Chemical process control
|
| 997 |
|
|
|a Engineering, Faculty
|b Engineering, Department
|
| 999 |
|
|
|a 0000007647
|b BOK
|c OPEN SHELF
|e 2nd Floor, Bestari Jaya
|